000 01207cam a22003131 4500
001 gs 64000311
003 DLC
005 20260227111415.0
008 770317s1964 dcuab b f000 0 eng c
010 _ags 64000311
040 _aU.S. Geol. Survey. Libr.
_cak
_dDLC
043 _an-us-ak
050 0 0 _aTC801
_b.U2 no. 1773
051 _aQE84.A4
_bC4
_cCopy 2.
082 0 0 _a553.7/0973 s
_a553.7/9/097983
_219
100 1 _aCederstrom, D. J.
_q(Dagfin John),
_d1908-1997.
245 0 0 _aGeology and ground-water resources of the Anchorage area, Alaska,
_cby D. J. Cederstrom, Frank W. Trainer, and Roger M. Waller.
260 _aWashington,
_bU.S. Govt. Print. Off.,
_c1964.
300 _avi, 108 p.
_billus., maps (1 col.) diagrs., tables.
_c24 cm.
490 1 _aU.S. Geological Survey. Water-supply paper
_v1773.
500 _aPart of illustrative matter fold. in pocket.
504 _aBibliography: p. 107-108.
650 0 _aGeology
_zAlaska
_zAnchorage Region.
650 0 _aGroundwater
_zAlaska
_zAnchorage Region.
650 0 _aWater-supply
_zAlaska
_zAnchorage Region.
650 0 _aBorings
_zAlaska
_zAnchorage Region.
830 0 _aGeological Survey water-supply paper ;
_v1773.
999 _c29888
_d29888